|
|
|
|
| LEADER |
00604nam a22001577a 4500 |
| 999 |
|
|
|c 195235
|d 195235
|
| 082 |
|
|
|a 630.28
|b BHO/GE
|
| 100 |
|
|
|a Bhoomika B K
|
| 245 |
|
|
|a Genetic analysis in fodder rice bean (Vigna umbellata (Thunb.) for yield and quality
|
| 260 |
|
|
|a Vellayani
|b Department of Plant Breeding and Genetics, College of Agriculture
|c 2020
|
| 300 |
|
|
|a 105p.
|
| 502 |
|
|
|a MSc
|
| 650 |
|
|
|a Genetic analysis of rice
|
| 700 |
|
|
|a Mareen Abraham (Guide)
|
| 942 |
|
|
|2 ddc
|c TH
|
| 952 |
|
|
|0 0
|1 0
|4 0
|6 630_280000000000000_BHO_GE
|7 1
|8 REF
|9 202612
|a KAUCLV
|b KAUCLV
|c TECH
|d 2020-11-25
|o 630.28 BHO/GE
|p 174914
|r 2020-11-25
|y TH
|